|
|
|
|
| LEADER |
00000nam0a2200000 4500 |
| 001 |
120681 |
| 005 |
20231031125116.0 |
| 010 |
|
|
|a 5265014837
|
| 020 |
|
|
|a RU
|b 91-31142
|
| 035 |
|
|
|a (RuTPU)RU\TPU\book\130680
|
| 090 |
|
|
|a 120681
|
| 100 |
|
|
|a 20070903d1991 m y0rusy5003 ca
|
| 101 |
0 |
|
|a rus
|
| 102 |
|
|
|a RU
|
| 105 |
|
|
|a a z 001ay
|
| 200 |
1 |
|
|a Русская элегия XVIII - начала XX века
|e сборник
|f авт. предисл. , сост., погот. текста, примеч. и биогр. справ. Л. Г. Фризман
|
| 210 |
|
|
|a Ленинград
|c Советский писатель
|c Ленингр. отд-ние
|d 1991
|
| 215 |
|
|
|a 638,[1] с., [8] л. ил.
|c ил.
|d 21 см
|
| 225 |
1 |
|
|a Библиотека поэта
|e Осн. М. Горьким в 1931 г.
|a Большая серия. 3-е изд.
|
| 327 |
1 |
|
|a Содерж.: Авт.: В. К. Тредиаковский, А. П. Сумароков, А. А. Аблесимов, А. А. Нартов, Е. А. Княжнина, С. В. Нарышкин, И. А. Дмитриевский, А. А. Ржевский, М. М. Херасков, В. Д. Санковский, и др.
|
| 610 |
1 |
|
|a русская литература
|
| 610 |
1 |
|
|a лирика
|
| 610 |
1 |
|
|a антология
|
| 675 |
|
|
|a Р1
|z rus
|
| 702 |
|
1 |
|a Фризман
|b Л. Г.
|4 080
|
| 801 |
|
0 |
|a RU
|b RuMRKP
|c 19950417
|g psbo
|
| 801 |
|
1 |
|a RU
|b 63413507
|c 20070903
|g PSBO
|
| 801 |
|
2 |
|a RU
|b 63413507
|c 20071008
|g PSBO
|
| 942 |
|
|
|c BK
|